LEADER 01099nam2-2200361---450 001 990002771330203316 005 20220919101131.0 010 $a88-348-6328-3 035 $a000277133 035 $aUSA01000277133 035 $a(ALEPH)000277133USA01 035 $a000277133 100 $a20060703d2006----km-y0itay50------ba 101 $aita 102 $aIT 105 $a||||||||001yy 200 1 $a2.3.4. :<> deposito in albergo e nei magazzini generali$fGoffredo Zuddas 210 $aTorino$cGiappichelli$d2006 215 $aVIII, 254 p.$d25 cm 461 1$10010041211$12001$aTrattato di diritto commerciale 606 0 $aAlberghi$xDiritto 606 0 $aContratti reali 606 0 $aContratto d'albergo 606 0 $aMagazzini$bGestione 676 $a346.4502 700 1$aZUDDAS,$bGoffredo$0248700 801 0$aIT$bsalbc$gISBD 912 $a990002771330203316 951 $aXXV.3.B 282/2.3.4 (IG II 778/2.3.4.)$b50458 G.$cXXV.3.B 282/2.3.4 (IG II)$d00126774 959 $aBK 969 $aGIU 996 $aDeposito in albergo e nei magazzini generali$9997351 997 $aUNISA LEADER 01283nam a2200277 i 4500 001 991001215509707536 008 050916s2004 dcua b 001 0 eng d 020 $a0841238650 035 $ab13337907-39ule_inst 040 $aDi.S.Te.B.A.$beng 082 00$a547.780459$222 245 00$aSynthesis of carbohydrates through biotechnology /$cPeng George Wang, editor, Yoshi Ichikawa, editor ; sponsored by the ACS Divisions of Carbohydrate Chemistry 260 $aWashington :$bAmerican Chemical Society,$c2004 300 $axi, 195 p. :$bill. ;$c24 cm 440 0$aACS symposium series ;$v873 504 $aIncludes bibliographical references and index 650 0$aCarbohydrates$vCongresses 650 0$aOrganic compounds$xSynthesis$vCongresses 700 1 $aWang, Peng George$eauthor$4http://id.loc.gov/vocabulary/relators/aut$0738023 700 1 $aIchikawa, Yoshi$eauthor$4http://id.loc.gov/vocabulary/relators/aut$0738024 907 $a.b13337907$b21-09-06$c16-09-05 912 $a991001215509707536 945 $aLE003 547.78 WAN01.01 (2004)$g1$i2003000094237$lle003$op$pE106.00$q-$rl$s- $t0$u0$v0$w0$x0$y.i14185763$z31-01-06 996 $aSynthesis of carbohydrates through biotechnology$91461593 997 $aUNISALENTO 998 $ale003$b16-09-05$cm$da $e-$feng$gdcu$h0$i0